000 00691nam a2200241 a 4500
001 22871
003 BD-RjUL
005 20220915123217.0
008 140309r19521931enk 00000 eng d
035 _a(BD-RjUL)22936
035 _a(BD-RjUL)
040 _dBVXJ
_aBD-RjUL
_beng
_cBD-RjUL
041 _aeng
082 0 4 _221
_a822.912
_bMAC 1952
100 1 _aMaugham, W. Somerset
_q(William Somerset),
_d1874-1965.
_970515
245 1 4 _aThe collected plays of W. Somerset Maugham /
_cMaugham, W. Somerset
260 _aLondon :
_bHeinemann,
_c1931. [Reprinted 1952]
300 _aV.--
_c20 cm.
505 0 1 _aVol. II --III--
650 0 _aPlays
_970516
942 _2ddc
_cBK
999 _c22871
_d22871